00600nam a2200133 i 450000100060000000300090000600700030001500800410001811000510005924501980011026000790030830000540038785200250044153397ES-MaACLt|931025s1897 sp a ||||1| spa d2 aEscuela Provincial de Bellas Artes de Cádiz.10aSolemne apertura del curso de 1897-1898 y distribución de premios á los alumnos que los obtuvieron en los cursos de 1895 a 1896 y 1896 a 1897 /cEscuela Provincial de Bellas Artes de Cadiz. aCadiz : b[s.n.], c1897 (fImp. de la Revista Médica, de Federico Joly) a57 p., 25 h., [2] h. de lám. : bil. ; c23 cm. aES-MaACLjT-864-F-11